000 00454nam a2200181Ia 4500
001 20775
005 20260306172830.0
008 260306t2012||||xx |||||||||||||| ||spa||
041 _aESP
082 _a343.8
_bA128
100 _aStaff Tributario de la Revista Actualidad Empresarial
_eAUT
245 0 _aReforma tributaria 2012
260 _c2012
300 _a78 páginas :
_c29 cm.
650 _aGEN
654 _aCDE
942 _cLIB
_dJUS
_fJUS
_2ddc
_n
999 _c20775
_d20775